000
00297nam a22001217a 4500
020
_a
00705909
082
_2
22
_a
574.5
100
_a
Joseph, Benny.
245
_a
Environmental studies /
260
_a
New Delhi,
_b
Tata McGraw-Hill,
_c
c2006.
300
_a
xvi, 343 p. ;
_b
ill. ;
942
_2
ddc
_c
CIVIL
_0
5
999
_c
3851
_d
3851